|
|
|
|
| LEADER |
01284nam a2200313 a 4500 |
| 001 |
15295831 |
| 008 |
121224s2008 caua b 001 0 eng |
| 010 |
|
|
|a 2008021038
|
| 020 |
|
|
|a 9780787996147 (hdbk.)
|
| 020 |
|
|
|a 0787996149 (hdbk.)
|
| 040 |
|
|
|a DNLM/DLC
|c DLC
|d NLM
|d BTCTA
|d BAKER
|d UKM
|d YDXCP
|d OCLCG
|d C#P
|d BWX
|d COU
|d CDX
|d DLC
|d BD-DhAAL.
|
| 082 |
0 |
0 |
|a 613
|2 22
|
| 245 |
0 |
0 |
|a Health behavior and health education :
|b theory, research, and practice /
|c Karen Glanz, Barbara K. Rimer, K. Viswanath, editors ; foreword by C. Tracy Orleans.
|
| 250 |
|
|
|a 4th ed.
|
| 260 |
|
|
|a San Francisco, CA :
|b Jossey-Bass,
|c c2008.
|
| 300 |
|
|
|a xxxiii, 552 p. :
|b ill. ;
|c 25 cm.
|
| 504 |
|
|
|a Includes bibliographical references and indexes.
|
| 541 |
|
|
|e 00026375
|
| 650 |
|
0 |
|a Health behavior.
|
| 650 |
|
0 |
|a Health education.
|
| 650 |
|
0 |
|a Health promotion.
|
| 650 |
1 |
2 |
|a Health Behavior.
|
| 650 |
2 |
2 |
|a Health Education.
|
| 700 |
1 |
|
|a Glanz, Karen.
|
| 700 |
1 |
|
|a Rimer, Barbara K.
|
| 700 |
1 |
|
|a Viswanath, K.
|q (Kasisomayajula)
|
| 852 |
1 |
|
|a Ayesha Abed Library
|j General Shelf.
|
| 999 |
|
|
|c 13017
|d 13017
|
| 952 |
|
|
|0 0
|1 0
|2 ddc
|4 0
|6 613_000000000000000_HEA
|7 0
|9 21556
|a JPGSPH
|b JPGSPH
|c GEN
|d 2012-12-24
|e Development Book Agency
|g 5800.00
|l 0
|o 613 HEA
|p 3060026375
|r 2012-12-24
|t 1
|w 0000-00-00
|y BK
|x Available
|